Resisting regimes : (Record no. 65216)

MARC details
000 -LEADER
fixed length control field 00590nam a22001577a 4500
005 - DATE AND TIME OF LATEST TRANSACTION
control field 2012041809349.0
020 ## - INTERNATIONAL STANDARD BOOK NUMBER
International Standard Book Number 0195653017
Terms of availability 295.00
035 ## - SYSTEM CONTROL NUMBER
System control number B-28161
037 ## - SOURCE OF ACQUISITION
Stock number DPL
Source of stock number/acquisition ENG
100 ## - MAIN ENTRY--PERSONAL NAME
Personal name Mayaram, Shail
245 ## - TITLE STATEMENT
Title Resisting regimes :
Remainder of title Myth, memory and the shaping of a muslim identity /
Statement of responsibility, etc by Shail Mayaram
260 ## - PUBLICATION, DISTRIBUTION, ETC. (IMPRINT)
Place of publication, distribution, etc New Delhi
Name of publisher, distributor, etc Oxford University Press
Date of publication, distribution, etc 2000
300 ## - PHYSICAL DESCRIPTION
Extent xiv, 297p.
Dimensions 20 cms.
942 ## - ADDED ENTRY ELEMENTS (KOHA)
Source of classification or shelving scheme Dewey Decimal Classification
Item type English Books
Classification part 305.6
Call number suffix MAY
Holdings
Withdrawn status Lost status Not for loan Collection code Home library Current library Date acquired Cost, normal purchase price Full call number Barcode Cost, replacement price Koha item type
      Non-fiction Sarojini Nagar Sarojini Nagar 18/04/2012 295.00 305.6 MAY B-28161 295.00 English Books

© Delhi Public Library
Hit Counter
free hit counter